How to remain every free : (Record no. 63992)
[ view plain ]
| 000 -LEADER | |
|---|---|
| fixed length control field | 00483nam a22001697a 4500 |
| 005 - DATE AND TIME OF LATEST TRANSACTION | |
| control field | 20190603131736.0 |
| 020 ## - INTERNATIONAL STANDARD BOOK NUMBER | |
| International Standard Book Number | 8122309291 |
| Terms of availability | 96.00 |
| 035 ## - SYSTEM CONTROL NUMBER | |
| System control number | B-230131, B-230141 |
| 035 ## - SYSTEM CONTROL NUMBER | |
| System control number | B-230132 |
| 037 ## - SOURCE OF ACQUISITION | |
| Stock number | DPL |
| Source of stock number/acquisition | ENG |
| 100 ## - MAIN ENTRY--PERSONAL NAME | |
| Personal name | Gupta, M.K. |
| 245 ## - TITLE STATEMENT | |
| Title | How to remain every free : |
| Remainder of title | A voyage to freedom and happiness / |
| Statement of responsibility, etc | by M.K. Gupta |
| 250 ## - EDITION STATEMENT | |
| Edition statement | 2nd ed. |
| 260 ## - PUBLICATION, DISTRIBUTION, ETC. (IMPRINT) | |
| Place of publication, distribution, etc | Delhi |
| Name of publisher, distributor, etc | Pustak Mahal |
| Date of publication, distribution, etc | 2007 |
| 300 ## - PHYSICAL DESCRIPTION | |
| Extent | 203p. |
| Dimensions | 20 cms. |
| 942 ## - ADDED ENTRY ELEMENTS (KOHA) | |
| Source of classification or shelving scheme | Dewey Decimal Classification |
| Item type | English Books |
| Classification part | 155.9042 |
| Call number suffix | GUP |
| Withdrawn status | Lost status | Not for loan | Collection code | Home library | Current library | Date acquired | Cost, normal purchase price | Full call number | Barcode | Cost, replacement price | Koha item type | Public note | Source of acquisition | Copy number |
|---|---|---|---|---|---|---|---|---|---|---|---|---|---|---|
| Non-fiction | R.K.Puram-8 | R.K.Puram-8 | 03/06/2019 | 96.00 | 155.9042 GUP | B-230132 | 96.00 | English Books | BPPD/Purchase | 1 | ||||
| Non-fiction | Sarojini Nagar | Sarojini Nagar | 12/03/2012 | 96.00 | 155.9042 GUP | B-230131 | 96.00 | English Books | Withdrawn List Prepared List No.1/10 | |||||
| Non-fiction | Vigyan Vihar | Vigyan Vihar | 27/11/2018 | 96.00 | 155.9042 GUP | B-230141 | 96.00 | English Books | BPPD/PUB |
